Central Library and Information Centre
Sibsagar Girls' College, Sivasagar : Assam

AN INTRODUCTION TO ANALYSIS : DIFFERENTIAL CALCULUS (Record no. 15487)

MARC details
000 -LEADER
fixed length control field 00520cam a2200193ua 4500
008 - FIXED-LENGTH DATA ELEMENTS--GENERAL INFORMATION
fixed length control field 160623n II |||gr||||Z||||||eng
040 ## - CATALOGING SOURCE
Original cataloging agency MAIN
041 ## - LANGUAGE CODE
-- English
082 ## - DEWEY DECIMAL CLASSIFICATION NUMBER
Classification number 515 GHO
100 ## - MAIN ENTRY--PERSONAL NAME
Personal name GHOSH , RAM KRISHANA.
245 ## - TITLE STATEMENT
Title AN INTRODUCTION TO ANALYSIS : DIFFERENTIAL CALCULUS
260 ## - PUBLICATION, DISTRIBUTION, ETC.
Place of publication, distribution, etc. CALCUTTA:
Name of publisher, distributor, etc. NEW CENTRAL BOOK AGENCY,
Date of publication, distribution, etc. 2008.
300 ## - PHYSICAL DESCRIPTION
Extent 903:
Dimensions 24CM.
700 ## - ADDED ENTRY--PERSONAL NAME
Personal name GHOSH , RAM KRISHANA.,
Relator term Author.
700 ## - ADDED ENTRY--PERSONAL NAME
Personal name MAITY , KANTISH CHANDRA.
942 ## - ADDED ENTRY ELEMENTS (KOHA)
Koha item type Books
653 ## - INDEX TERM--UNCONTROLLED
Uncontrolled term Analysis
Holdings
Withdrawn status Lost status Damaged status Not for loan Collection code Home library Current library Shelving location Date acquired Full call number Barcode Date last seen Copy number Price effective from Koha item type
        TBMAT Central Library and Information Centre Sibsagar Girls College Central Library and Information Centre Sibsagar Girls College Mathematics Rack 13.07.2008 515 GHO 23929 27.02.2020 1 27.02.2020 Books


Sibsagar Girl's College © 2020. All rights reserved.
Powered by Koha.
Maintained by Abhijit Borpuzari.